Nazwy potworów w League of Legends PL/ENG - Statystyki

Ogólne statystyki
  • Ten quiz został rozwiązany 399 razy
  • Średni wynik to 3 z 9
Statystyki odpowiedzi
Potwory % Poprawnych
Smok
60%
Baron Nashor
57%
Ponurnik
54%
Skalniak
33%
Szkarłatny Brzytwodziób
32%
Niebieski Strażnik
17%
Wędrujący Krab
9%
Czerwony Krzewogrzbiet
8%
Większy Wilk Mroku
1%
Nie znaleziono quizów pasujących do podanych kryteriów
Rozkład punktacji
Procent ludzi z każdym wynikiem
Percentyl według liczby udzielonych odpowiedzi
Twoja historia wyników
Nie rozwiązałeś tego quizu